000 01248nam a22002657a 4500
999 _c65868
_d65868
005 20240530110847.0
008 200912s2020 ua a f b 000 0dara d
017 _bمصر. دار الكتب
020 _a9789933600990
040 _aEG-CaGPL
_cEG-CaGPL
082 0 4 _221
_a953.079\
_bم إ
100 0 _aمحمد حسن الباشا
245 1 0 _aاقليم المنصورة بالسند فى عصر السيادة العربية :
_b121 - 416 هـ : 738 - 1025 م : دراسة تاريخية حضارية /
_cتاليف محمد حسن الباشا ؛ تقديم كرم حلمى فرحات ، محمد سلمان نديم القاسمى
250 _aط.1
260 _aدمشق :
_bنور حوران للدراسات والنشر والتراث،
_c2020
300 _a358 ص. ؛
_c24 سم.
504 _aيشتمل على ارجاعات ببليوجرافية
650 _2qrmak
651 0 7 _2qrmak
_aاقليم المنصورة
_zالسند
651 0 7 _aاقليم المنصورة
_xالاحوال الاقتصادية
_zالسند
700 0 _aكرم حلمى فرحات
_eمقدم
700 0 _aمحمد سلمان نديم القاسمى
_eمقدم
942 _2ddc
_cBK